00584nam a2200193 4500003000400000005001700004008004100021020001500062040001800077050001600095100002200111245008000133264003800213300004000251336002200291337002400313338002400337650002900361OSt20260530115258.0260421b2003 xxua|||| |||| 00| 0 eng d a1400040507 aICIbspacICI00aTA174bP4781 a Petroski, Henry,10aSmall things considered :bwhy there is no perfect design /cHenry Petroski 1b A. A. Knopf,cc2003aNew York :  a288 páginasbilustracionesc24cm. atexto2rdacontent asin medio2rdamedia avolumen2rdacarrier0 aDiseño en ingeniería